00878nam a2200241Ia 4500008004100000050001100041050001600052100002500068245014400093245009200237260003100329260001000360260000900370300001500379300002000394300001100414500005600425521001200481650001400493942000700507999001900514952010300533160517s9999 xx 000 0 und d aRD 118 b.Ap645 2016 aApostol, Mikhaela C. 4aThe effectiveness of a soaked povidone iodine solution in a ready-to-use receptable in the operating room of Las Piñas doctors hospital / cMikhaela C. Apostol, Francis Paul W. Gascon, Jasmine Selina Lazaro, Ma. Jetca A. Narte. aLas Piñas, Philippines : bSISC, c2016 a50 pages : billustrations ; c28 cm. aIncludes bibliographical references and appendices. aNursing aPovidone. cTH c293882d293882 001040aCLbCLcTHd2016-05-17l0oRD 118 .Ap645 2016pT0877r2018-05-15 00:00:00w2016-05-17yTH